Ausgestorbene Tiere Nordamerikas - Karten Quiz - Statistiken

Allgemein
  • Dieses Quiz wurde 17 mal gespielt
  • Das Durchschnittsergebnis liegt bei 4 aus 15
Antworten auf der Karte
Die Antworten werden auf der Karte rot bzw. grün angezeigt, abhängig davon wie oft sie richtig erraten wurden.
 
Antwortstatistiken
Antwort % Korrekt
Barbados-Waschbär (1964)
50%
Barbuda-Riesenreisratte (vor 3100-3400 Jahren)
40%
Goldkröte (1989)
40%
Kaiserspecht (1956)
40%
Wandertaube (1914)
40%
New-Providence-Gelbkehlchen (1990er)
30%
Seenerz (1894)
30%
Gelbe Gallwespenschleiche (1851)
20%
Glanzbaumsteiger (1992)
20%
Jalpa-False-Brook-Salamander (1976)
20%
Blassfuß-Waldsänger (1961)
10%
Dreifarben-Ara (um 1885)
10%
Kittsgimpeltangare (1929)
10%
McCranies Raubfrosch (1989)
10%
Veloz-Zaguti (17. Jh.)
10%
Keine übereinstimmenden Quizze gefunden
Verteilung der Resultate
Anzahl Personen mit jedem Resultat
Perzentil nach korrekt beantworteten Fragen
Ihre Resultats-Entwicklung
Sie haben dieses Quiz noch nicht gespielt